000
00340pam a2200157a 44500
008
230515b2007 xxu||||| |||| 00| 0 eng d
020
_a
NULL
041
_a
MARATHI
082
_a
630
100
_a
DR VASUDEV SHASTRI JOSHI
245
_a
DNYANYACHA PAIK
250
_a
0
260
_a
PUNE
_b
N/A
_c
2007
300
_a
176
650
_a
NULL
999
_c
651306
_d
651306